Tratado contra el método. Esquema de una teoría anarquista del conocimiento.

Saved in:
書目詳細資料
主要作者: Feyerabend, Paul (autor)
格式: 未知
語言:英语
出版: Madrid, España: Tecnos, 2007.
版:Quinta edición.
叢編:Filosofía y Ensayo.
主題:
標簽: 添加標簽
沒有標簽, 成為第一個標記此記錄!

MARC

LEADER 00000 a2200000 4500
003 CL-VaPUC
005 20231212155109.0
008 231124t2007 ||||| |||| 00| 0 eng d
999 |c 442104  |d 442102 
020 |a 9788430946082 
040 |c Pontificia Universidad Católica de Valparaíso 
082 7 |a 501 FEY 2007  |2 22 
100 |a Feyerabend, Paul   |9 885189  |e autor 
245 |a Tratado contra el método.   |b Esquema de una teoría anarquista del conocimiento.  
250 |a Quinta edición.  
260 |a Madrid, España:  |b Tecnos,  |c 2007. 
300 |a XVII, 319 páginas.  
490 |a Filosofía y Ensayo.  
583 |k GC  |c 20231124 
650 0 |a Ciencia  |9 863059  |x Filosofía 
650 0 |a Ciencia   |9 872470  |x Metodología  
650 0 |a Racionalismo  |9 259116 
942 |2 ddc  |c BK 
952 |0 0  |1 0  |2 ddc  |4 0  |6 501_000000000000000_FEY_2007  |7 0  |8 A  |9 592635  |a BIBMAT  |b BIBMAT  |c E_DIDACT  |d 2023-11-23  |e 3  |g 30879.00  |i 5659626  |o 501 FEY 2007  |p 5659626  |r 2025-01-07  |t 1  |v 30879.00  |w 2023-11-23  |y BK  |k DDM